Warunki dzialania kadry kierowniczej przedsiebiorstw.
Výsledky výskumu. Nestabilita podmienok činnosti v r. 1991. Charakteristika skúmanej skupiny. Postavenie vedúcich kádrov v podniku a ich obmedzené možnosti. Hodnotenie vplyvu na rozhodnutia v podniku. Kádrová politika, kritériá hodnotenia manažéra.
Saved in:
| Main Author: | |
|---|---|
| Format: | Book Chapter |
| Language: | Polish |
| Subjects: | |
| Tags: |
No Tags, Be the first to tag this record!
|
MARC
| LEADER | 00000naa a2200000 4500 | ||
|---|---|---|---|
| 001 | r008865 | ||
| 005 | 20221125123038.0 | ||
| 041 | 0 | |a pol | |
| 044 | |a PL | ||
| 245 | 1 | 0 | |a Warunki dzialania kadry kierowniczej przedsiebiorstw. |c W. Karpinska-Mizielinska |
| 520 | |a Výsledky výskumu. Nestabilita podmienok činnosti v r. 1991. Charakteristika skúmanej skupiny. Postavenie vedúcich kádrov v podniku a ich obmedzené možnosti. Hodnotenie vplyvu na rozhodnutia v podniku. Kádrová politika, kritériá hodnotenia manažéra. | ||
| 610 | 2 | 0 | |a pracovníci vedúci |
| 610 | 2 | 0 | |a výskum ekonomický |
| 610 | 2 | 0 | |a PR |
| 610 | 2 | 0 | |a 1991 |
| 610 | 2 | 0 | |a podmienky pracovné |
| 610 | 2 | 0 | |a rozhodovanie |
| 610 | 2 | 0 | |a politika personálna |
| 610 | 2 | 0 | |a hodnotenie pracovné |
| 610 | 2 | 0 | |a práca riadiaca |
| 610 | 2 | 0 | |a podnik priemyselný |
| 100 | 1 | |a Karpinska-Mizielinska, W. | |